Online
Catalog

Una mirada distinta al gran Ezra Pound: (Record no. 51723)

MARC details
000 -CABECERA
campo de control de longitud fija 00862nam a2200241 a 4500
003 - IDENTIFICADOR DEL NÚMERO DE CONTROL
campo de control DO-SdBNP
005 - FECHA Y HORA DE LA ÚLTIMA TRANSACCIÓN
campo de control 20240305133317.0
007 - CAMPO FIJO DE DESCRIPCIÓN FÍSICA--INFORMACIÓN GENERAL
campo de control de longitud fija ta
008 - DATOS DE LONGITUD FIJA--INFORMACIÓN GENERAL
campo de control de longitud fija 220513e2018 dr ao||gr|||| 001 edspa d
040 ## - FUENTE DE LA CATALOGACIÓN
Centro catalogador/agencia de origen DO-SdBNP
Lengua de catalogación spa
Centro/agencia transcriptor BNPHU
082 #4 - NÚMERO DE LA CLASIFICACIÓN DECIMAL DEWEY
Número de edición 22
Número de documento/Ítem C354u
100 1# - ENTRADA PRINCIPAL--NOMBRE DE PERSONA
Nombre de persona Castor Paniagua, Luesmil,
Fechas asociadas al nombre 1961-
9 (RLIN) 78157
245 10 - MENCIÓN DE TÍTULO
Título Una mirada distinta al gran Ezra Pound:
Resto del título el otro lado de la vida /
Mención de responsabilidad, etc. Luesmil Castro Paniagua; Prólogo, Alejandro Santana.
260 ## - PUBLICACIÓN, DISTRIBUCIÓN, ETC.
Lugar de publicación, distribución, etc. Santo Domingo :
Nombre del editor, distribuidor, etc. Lc,
Fecha de publicación, distribución, etc. 2018
300 ## - DESCRIPCIÓN FÍSICA
Extensión 112 p. ;
Otras características físicas il., fotogr. ;
Dimensiones 21 cm.
500 ## - NOTA GENERAL
Nota general Incluye datos biográficos del autor en las solapas de las cubiertas.
504 ## - NOTA DE BIBLIOGRAFÍA, ETC.
Nota de bibliografía, etc. Bibliografía: p. 109- 111
586 ## - NOTA DE PREMIOS
Nota de premios Premio Nacional de Poesía Pedro Henríquez Ureña, 1997
590 ## - NOTA LOCAL (RLIN)
Nota local Inventariado 2022 / MF
700 1# - PUNTO DE ACCESO ADICIONAL--NOMBRE DE PERSONA
9 (RLIN) 26590
Nombre de persona Santana, Alejandro
Término indicativo de función/relación pról.
910 ## - DATOS DE OPCIÓN DEL USUARIO (OCLC)
Datos de opción del usuario MFeliz
942 ## - ELEMENTOS DE PUNTO DE ACCESO ADICIONAL (KOHA)
Fuente del sistema de clasificación o colocación Dewey Decimal Classification
Tipo de ítem Koha Libro
Holdings
Estado de retiro Estado de pérdida Fuente del sistema de clasificación o colocación Restricciones de uso No para préstamo Código de colección Localización permanente Ubicación/localización actual Ubicación en estantería Fecha de adquisición Fuente de adquisición Signatura topográfica completa Código de barras Fecha visto por última vez Precio válido a partir de Tipo de ítem Koha Nota pública Número de copia
    Dewey Decimal Classification Excluido de préstamo   Patrimonio Dominicano Biblioteca Nacional Pedro Henríquez Ureña Biblioteca Nacional Pedro Henríquez Ureña Depósito 18.12.2018 Depósito legal C354u 2022-2085 13.05.2022 13.05.2022 Libro Ejemplar autografiado  
    Dewey Decimal Classification Excluido de préstamo   Patrimonio Dominicano Biblioteca Nacional Pedro Henríquez Ureña Biblioteca Nacional Pedro Henríquez Ureña Depósito 18.12.2018 Depósito legal C354u 2022-2086 13.05.2022 13.05.2022 Libro Ejemplar autografiado e.2

Powered by Koha